| 000 | 01310nam a2200241Ia 4500 | ||
|---|---|---|---|
| 999 |
_c4052 _d4052 |
||
| 003 | OSt | ||
| 005 | 20200624154742.0 | ||
| 008 | 191128s2011 ck a gr 000 j spa d | ||
| 020 | _a9789589993521 | ||
| 040 |
_aCO-JMCR _cCO-JMCR |
||
| 041 | _aspa | ||
| 082 | 0 | 4 |
_aLM / _bFREd |
| 100 | 1 |
_aFreja de la Hoz, Adrián Farid, _eautor _96098 |
|
| 245 | 1 | 3 |
_aLa décima espinela en el Pacífico colombiano : _bliteratura oral y popular de Colombia / _cAdrián Farid Freja de la Hoz |
| 250 | _aPrimera edición | ||
| 260 |
_aBogotá : _bAlcaldía Mayor de Bogotá : Instituto Distrital de las Artes - Idartes, _c2011 |
||
| 300 |
_a136 páginas ; _c 21 cm. |
||
| 500 | _aPremio Nacional de Ensayo Ciudad Bogotá. Incluye bibliografía. | ||
| 505 | _aLa décima espinela: génesis de una tradición -- La décima y la literatura popular en el canon literario colombiano -- Oralidad y literatura en el Pacífico colombiano -- Variaciones de la décima espinela en el Pacífico colombiano -- Decimeros y personajes | ||
| 520 | _aEste es un trabajo a todas luces importante en la recuperación de la tradición oral en Colombia. El rescate de lo popular refuerza y revitaliza el trabajo de los cultores y ayuda a reconocer y visibilizar una tradición. | ||
| 650 | 1 | 4 |
_aLiteratura colombiana _96099 |
| 942 |
_2ddc _cBK |
||